Detalles MARC
| 000 -LIDER |
| fixed length control field |
01073nam a2200325 a 4500 |
| 001 - NÚMERO DE CONTROL |
| Identificador de número de control |
000010802 |
| 003 - IDENTIFICACDOR DE NÚMERO DE CONTROL |
| control field |
DO-SdBNP |
| 005 - DATE AND TIME OF LATEST TRANSACTION |
| control field |
20230725130848.0 |
| 008 - ELEMENTOS DE LONGITUD FIJA |
| fixed length control field |
091012s2000 ag 001 0 spa d |
| 020 ## - ISBN |
| International Standard Book Number |
9501500632 |
| 040 ## - FUENTE DE CATALOGACIÓN |
| Agencia que crea de manera original el registro |
DO-SdBNP |
| Idioma de catalogación |
spa |
| Agencia que realiza la transcripción |
BPMSU |
| 082 #4 - NÚMERO DE CLASIFICACIÓN DECIMAL DE DEWEY |
| Classification number |
823.91 |
| Item number |
W516b 2000 |
| Edition number |
22 |
| 100 1# - ASIENTO PRINCIPAL -- NOMBRE PERSONAL |
| Nombre personal |
West, Morris |
| Fechas asociadas con el nombre |
1916-1999. |
| 245 14 - MENCIÓN DE TITULO |
| Título |
Los bufones de Dios / |
| Mención de responsabilidad |
Morris West ; editor Javier Bergara ; traducción : Marta Cruz Coke de Lagos. |
| 250 ## - MENCIÓN DE EDICION |
| Mención de edición |
4a. ed. |
| 260 ## - PUBLICACIÓN, DISTRIBUCIÓN, ETC. (PIE DE IMPRENTA) |
| Lugar de publicación, distribución, etc |
Buenos Aires : |
| Nombre del editor, distribuidor, etc. |
B. Argentinas, |
| Fecha de publicación, distribución, etc |
2000. |
| 300 ## - DESCRIPCIÓN FÍSICA |
| Extensión |
478 p. ; |
| Dimensiones |
23 cm. |
| 500 ## - NOTA GENERAL |
| Nota general |
Texto traducido al español |
| 500 ## - NOTA GENERAL |
| Nota general |
Incluye datos biográficos del autor en la solapa |
| 500 ## - NOTA GENERAL |
| Nota general |
Incluye notas del autor en la (p. 7) |
| 534 ## - NOTA SOBRE LA VERSIÓN ORIGINAL |
| Frase introductoria |
Título original: |
| Mención del título original |
The clowns of God |
| 590 ## - NOTA LOCAL |
| Enlace |
Inventariado, 2023/VM |
| 650 #4 - ENCABEZAMIENTO DE MATERIA--TEMÁTICO |
| Término temático o nombre geográfico como elemento de entrada |
Novela australiana |
| 650 #4 - ENCABEZAMIENTO DE MATERIA--TEMÁTICO |
| Término temático o nombre geográfico como elemento de entrada |
Iglesia Católica |
| Subdivisión temática general |
Gobierno |
| 650 #4 - ENCABEZAMIENTO DE MATERIA--TEMÁTICO |
| Término temático o nombre geográfico como elemento de entrada |
Curia romana |
| Subdivisión de forma |
Novela |
| 700 1# - ASIENTO SECUNDARIO -- NOMBRE PERSONAL |
| Nombre personal |
Bergara, Javier |
| Mención de responsabilidad |
ed. |
| 700 1# - ASIENTO SECUNDARIO -- NOMBRE PERSONAL |
| Nombre personal |
Cruz Coke de Lagos, Marta |
| Mención de responsabilidad |
tr. |
| 910 ## - VALIDACIÓN |
| Validación |
VMateo V. Control de calidad |
| 942 ## - ADDED ENTRY ELEMENTS (KOHA) |
| Source of classification or shelving scheme |
Dewey Decimal Classification |
| Koha item type |
Libros |